Jornada de trabajo, descansos y derecho a desconexión digital.

Guardat en:
Dades bibliogràfiques
Autor principal: Aguayo Mohr, Cristián Andrés (autor)
Format: Desconegut
Publicat: Santiago, Chile: Thomson Reuters, 2023.
Edició:1ª edición
Col·lecció:Monografías
Matèries:
Etiquetes: Afegir etiqueta
Sense etiquetes, Sigues el primer a etiquetar aquest registre!

MARC

LEADER 00000 a2200000 4500
003 CL-VaPUC
005 20230808102930.0
008 230728t2023 ||||| |||| 00| 0 eng d
999 |c 441445  |d 441443 
020 |a 978-956-400-355-9 
040 |c Pontificia Universidad Católica de Valparaíso 
082 0 4 |2 21  |a 344.012576 AGU 2023 
100 1 |a Aguayo Mohr, Cristián Andrés  |9 555753  |e autor 
245 1 0 |a Jornada de trabajo, descansos y derecho a desconexión digital. 
250 |a 1ª edición 
260 |a Santiago, Chile:  |b Thomson Reuters,  |c 2023. 
300 |a 164 páginas. 
490 0 |a Monografías 
583 |k Catalogador Asistente  |c 20230728 
650 1 |a Jornada de trabajo  |x Derecho laboral  |9 860917  |z Chile 
650 1 |a Descanso laboral  |9 686246  |x Derecho laboral   |z Chile 
650 1 |a Desconexión digital  |9 884017  |x Derecho laboral  |z Chile 
942 |2 ddc  |c BK 
952 |0 0  |1 0  |2 ddc  |4 0  |6 344_012576000000000_AGU_2023  |7 0  |8 A  |9 591005  |a BIBDER  |b BIBDER  |d 2023-07-28  |e 31  |g 0.00  |i 5658189  |l 3  |m 3  |o 344.012576 AGU 2023  |p 5658189  |q 2025-05-14  |r 2025-04-16  |s 2025-04-16  |t 1  |v 0.00  |w 2023-07-28  |y BK  |k DER